书目信息 |
| 题名: |
歪批水浒
|
|
| 作者: | 牧惠 著 | |
| 分册: | ||
| 出版信息: | 天津 百花文艺出版社 1997.03 |
|
| 页数: | 289页 | |
| 开本: | 32开 | |
| 丛书名: | ||
| 单 册: | ||
| 中图分类: | I207.412 | |
| 科图分类: | ||
| 主题词: | 文学--中国 | |
| 电子资源: | ||
| ISBN: | 7-5306-2357-5 | |
| 000 | 00520nam0 2200193 45 | |
| 001 | 0009021164 | |
| 005 | 20000902112604.6 | |
| 010 | @a7-5306-2357-5@d17.00元 | |
| 100 | @a20000902d1997 km y0chiy0120 ea | |
| 101 | 0 | @achi |
| 105 | @a z 000yy | |
| 200 | 1 | @a歪批水浒@AWai Pi Shui Hu@f牧惠著@FMu Hui Zhu |
| 210 | @a天津@c百花文艺出版社@d1997.03 | |
| 215 | @a289页@d32开 | |
| 606 | 0 | @a文学@x中国 |
| 690 | @aI207.412@v3 | |
| 701 | 0 | @a牧惠@4著 |
| 801 | @aCN@bPftUser@c20000902 | |
| 905 | @b114892-896@dI207.412@eM.684@f5 | |
| 歪批水浒/牧惠著.-天津:百花文艺出版社,1997.03 |
| 289页;32开 |
| ISBN 7-5306-2357-5:17.00元 |
| ● |
| 相关链接 |
|
|
|
正题名:歪批水浒
索取号:I207.412/M.684
 
预约/预借
| 序号 | 登录号 | 条形码 | 馆藏地/架位号 | 状态 | 备注 |
| 1 | 114892 | 201148926 | 社科二线422/422社科库 22排1列6层/ [索取号:I207.412/M.684] | 在馆 | |
| 2 | 114893 | 201148935 | 文学库108/ [索取号:I207.412/M.684] | 在馆 | |
| 3 | 114894 | 201148944 | 社科二线422/422社科库 22排1列6层/ [索取号:I207.412/M.684] | 在馆 | |
| 4 | 114895 | 201148953 | 社科二线400B/400B社科库 11排3列3层/ [索取号:I207.412/M.684] | 在馆 | |
| 5 | 114896 | 201148962 | 文学库108/ [索取号:I207.412/M.684] | 在馆 |